LEADER 00928nam0-22003611i-450- 001 990001486850403321 005 20050723114153.0 010 $a0-387-95014 035 $a000148685 035 $aFED01000148685 035 $a(Aleph)000148685FED01 035 $a000148685 100 $a20011024d2000----km-y0itay50------ba 101 0 $aeng 102 $aUS 105 $aa---a---001yy 200 1 $aGraph theory$fR. Diestel 205 $aSecond edition 210 $aNew YorkBerlin$cSpringer$d2000 215 $axiv, 312 p$cill.$d24 cm 225 1 $aGraduate texts in mathematics$v173 610 0 $aTeoria dei grafi 676 $a515.5$v21 700 1$aDiestel,$bReinhard$061926 801 0$aIT$bUNINA$gRICA$2UNIMARC 901 $aBK 912 $a990001486850403321 952 $aC-12-(173-2ED$b17611$fMA1 959 $aMA1 962 $a05-01 962 $a05CXX 996 $aGraph theory$9374820 997 $aUNINA LEADER 01142nam0-22003011i-450 001 990005312530403321 005 20230622134934.0 010 $a2-85121-017-3 035 $a000531253 035 $aFED01000531253 035 $a(Aleph)000531253FED01 035 $a000531253 100 $a19990604d1918----km-y0itay50------ba 101 0 $aita 105 $af-------00--- 200 1 $aTyro$eIl bassorilievo fittile di Medma e la tragedia di Sofocle, memoria letta alla R. Accademia di Archeologia$fLettere e Belle Arti di Napoli dal socio ordinario residente Giulio Emanuele Rizzo 210 $aNapoli$cTip. Cimmaruta$d1918 215 $a36 p., 3 tav.$d31 cm 300 $aEstratto dalle "Memorie della R. Accademia di Archeologia, Lettere e Belle Arti" Vol. IV, 1917 700 1$aRizzo,$bGiulio Emanuele$f<1865-1950>$089079 712 02$aSocietà nazionale di scienze lettere e arti.$bAccademia di archeologia lettere e belle arti 801 0$aIT$bUNINA$gRICA$2UNIMARC 901 $aBK 912 $a990005312530403321 952 $aARCH. BM MISC. 014 (01)$bARCH. 14459$fFLFBC 959 $aFLFBC 996 $aTyro$9597955 997 $aUNINA